000 00497nab a2200205 a 4500
001 23895
003 78451
005 20201118100356.0
008 ||||||n9999 ||| || ||
041 _aspa
245 0 _aRevolcon de la salud
260 _aBogotá :
_bJaime Castro Castro,
_c1994.
300 _app. 22, 24-25
562 _e0
650 _aPLANES
650 _aSERVICIOS DE SALUD
650 _aSERVICIOS DE SEGURIDAD SOCIAL
773 _023890
_aCabildo - No.59
942 _cSART
999 _c23895
_d23895